000 00289nam a22001217a 4500
005 20230809122840.0
008 230809b |||||||| |||| 00| 0 eng d
082 _a006.689
_bREF-C
100 _aReference
245 _aCorel Draw Graphic Suite X5
650 _aGraphic design
999 _c33225
_d33225